Statistisches Jahrbuch Nordrhein-Westfalen 1984 26. Jahrgang

Guardado en:
Detalles Bibliográficos
Formato: Libro
Lenguaje:alemán
Publicado: Düsseldorf Landesamt für Datenverarbeitung und Statistik Nordrhein-Westfalen 1984
Etiquetas: Agregar Etiqueta
Sin Etiquetas, Sea el primero en etiquetar este registro!

MARC

LEADER 00000nam a2200000 4500
001 c106857
005 20250728075042.0
041 0 |a ger 
044 |a DE 
245 1 0 |a Statistisches Jahrbuch Nordrhein-Westfalen 1984  |b 26. Jahrgang 
264 1 |a Düsseldorf  |b Landesamt für Datenverarbeitung und Statistik Nordrhein-Westfalen  |c 1984 
300 |a 691 s.